000 00491nam a2200181Ia 4500
003 GCL
008 140319s9999 xx 000 0 eng d
040 _aGCL /
_cGCL
082 0 4 _a382
_bF I
100 1 _aAPPLE YARD, DENNIS
245 1 0 _aINTERNATIONAL ECONOMICS TRADE THEORY AND POLICY /
_cAPPLE YARD, DENNIS
700 1 _aFIELD, ALFRED
260 _a[S.N] :
_bIRWIN ،
_c1995
650 0 4 _aECONOMICS
650 0 4 _aINTERNATIONAL TRADE
650 0 4 _aCOMMERCIAL POLICY
942 _2ddc
_cBK
999 _c10324
_d10324